| 000 | 00820amm a2200289 4500 | ||
|---|---|---|---|
| 008 | 200111s2020 cat d | ||
| 041 | _acat | ||
| 041 | _bspa | ||
| 041 | _beng | ||
| 080 | _a52(038) | ||
| 100 |
_aSolanes, Josep M. _975258 |
||
| 245 |
_aDiccionari d'astronomia _h[en línia] _cJosep M. Solanes |
||
| 250 | _a2a ed. | ||
| 260 |
_aBarcelona _bUniversitat de Barcelona. Serveis Lingüístics _c2020 |
||
| 500 | _aCategoria gramatical, remissions, sinònims, notes | ||
| 520 | _a867 | ||
| 546 | _acatalà | ||
| 591 | _aDASTRO-E | ||
| 592 | _aObra terminològica | ||
| 593 | _aCA | ||
| 650 | 0 |
_aastronomia _963152 |
|
| 856 | _uhttps://www.ub.edu/ubterm/obra/astronomia/ | ||
| 901 | _c<2020> | ||
| 902 | _a200111 | ||
| 942 |
_cMO _2ddc _n0 |
||
| 999 |
_c68368 _d68368 |
||